10 najlepszych zawodników w TOP 5 ligach w EA Sports FC 26 - Statystyki

Ogólne statystyki
  • Ten quiz został rozwiązany 61 razy
  • Średni wynik to 39 z 50
Statystyki odpowiedzi
Liga # Odpowiedź Klub Narodowość Ocena Pozycja % Poprawnych
4 Erling Haaland 90 N
100%
1 Mohamed Salah 91 PP
100%
2 Rodri 90 ŚPD
100%
3 Virgil van Dijk 90 ŚO
98%
5 Gianluigi Donnarumma 89 BR
96%
10 Bukayo Saka 88 PS
94%
1 Kylian Mbappé 91 N
94%
6 Alisson 89 BR
92%
2 Jude Bellingham 90 ŚPO
92%
2 Harry Kane 89 N
90%
3 Jamal Musiala 88 ŚPO
90%
5 Pedri 89 ŚP
90%
7 Vini Jr. 89 LS
90%
6 Federico Valverde 89 ŚP
88%
7 Florian Wirtz 89 ŚPO
88%
10 Jan Oblak 88 BR
88%
4 Lamine Yamal 89 PP
88%
9 Robert Lewandowski 88 N
88%
8 Alexander Isak 88 N
85%
9 Gabriel 88 ŚO
83%
1 Joshua Kimmich 89 ŚPD
83%
3 Raphinha 89 LP
83%
8 Thibaut Courtois 89 BR
83%
6 Michael Olise 86 PP
81%
1 Lautaro Martínez 88 N
79%
9 Luis Díaz 85 LP
77%
6 Nicolò Barella 87 ŚP
77%
4 Yann Sommer 87 BR
75%
2 Alessandro Bastoni 87 ŚO
73%
1 Ousmane Dembélé 90 N
73%
2 Achraf Hakimi 89 PO
71%
7 Gregor Kobel 86 BR
71%
3 Kevin De Bruyne 87 ŚP
71%
7 Paulo Dybala 86 ŚPO
71%
4 Serhou Guirassy 87 N
71%
9 Federico Dimarco 85 LO
69%
8 João Neves 85 ŚP
69%
10 Scott McTominay 85 ŚP
69%
3 Vitinha 89 ŚP
69%
9 Désiré Doué 85 PS
67%
8 Hakan Çalhanoğlu 86 ŚPD
67%
6 Nuno Mendes 86 LO
67%
8 Péter Gulácsi 85 BR
65%
5 Jonathan Tah 87 ŚO
63%
5 Mike Maignan 87 BR
63%
10 Nico Schlotterbeck 85 ŚO
63%
10 Fabián Ruiz 85 ŚP
60%
5 Marquinhos 87 ŚO
60%
4 Khvicha Kvaratskhelia 87 LS
54%
7 Willian Pacho 86 ŚO
54%
Nie znaleziono quizów pasujących do podanych kryteriów
Rozkład punktacji
Procent ludzi z każdym wynikiem
Percentyl według liczby udzielonych odpowiedzi
Twoja historia wyników
Nie rozwiązałeś tego quizu